| 000 | 00805nam a2200253 a 4500 | ||
|---|---|---|---|
| 001 | 000039465 | ||
| 003 | DO-SdBNP | ||
| 005 | 20251209085620.0 | ||
| 007 | ta | ||
| 008 | 100728s2001 dr r 000 0 spa d | ||
| 040 |
_aDO-SdBNP _bspa _cBNPHU |
||
| 082 | 4 |
_a338.6 _bL681L, 2001 _222 |
|
| 110 | 2 |
_aRepública Dominicana. _9447 _4Instituto Dominicano de las Telecomunicaciones |
|
| 240 | 1 | 0 | _a[Leyes etc.] |
| 245 | 1 | 0 | _aLey general de telecomunicaciones No. 153-98. |
| 260 |
_aSanto Domingo : _bINDOTEL, _c2001. |
||
| 300 |
_a64 p. ; _c21 cm. |
||
| 500 | _aPublicada en la gaceta oficial no. 9983 | ||
| 590 | _aInventariado, 2021 / DG | ||
| 650 | 0 |
_aTelecomunicaciones _xLegislaciòn _zRepùblica Dominicana _9550 |
|
| 710 | 2 |
_aINDOTEL _917928 |
|
| 910 | _aInventariado, 2021 / DG | ||
| 942 |
_2ddc _cLBS1 |
||
| 999 |
_c38955 _d38955 |
||